000 00772nam a22002777a 4500
001 BR8007462
003 BR-BrBNA
005 20230928090847.0
007 ta
008 230509b bl.||||| |||| 00| 0 por d
040 _aBR-BrBNA
_bpor
_cBiblioteca Nacional de Agricultura
041 _a(Por)
072 _aL00
_b7100
_b/G514
090 _ 7100 BR8007462
100 1 _aWiese, H.
110 1 _aSecretaria da Agricultura e Abastecimento, Florianopolis, SC (Brasil). Projeto de Apicultura
_98295
245 1 _aO ferrao e o veneno da abelha [Brasil]
260 3 _aFlorianopolis, SC (Brasil):
_c1980.
300 _avp.
650 _aAPICULTURA
650 _aABELHA
650 _aFERRAO
650 _aVENENO
909 _a202309
_bLucia
_c55
_dLucia Elande
942 _cBK
999 _c30949
_d30949